Southville International School and Colleges
Your cart is empty.
  • Cart
  • Lists
    Public lists Eva Luna New books Lux_list list_1
    Your lists Log in to create your own lists
  • Log in to your account
  • Your cookies
  • Search history
Southville International School and Colleges
  • Advanced search
  • Recent comments
  • Most popular
  • Libraries

Log in to your account

Log in with GOOGLE


If you do not have an external account, but do have a local account, you can still log in:

  1. Home
  2. MARC view: Baking handbook :
Normal view MARC view ISBD view

Baking handbook : (Record no. 305476)

[ view plain ]
MARC details
000 -LEADER
fixed length control field 00508nam a2200193Ia 4500
008 - FIXED-LENGTH DATA ELEMENTS--GENERAL INFORMATION
fixed length control field 170203s9999 xx 000 0 und d
020 ## - INTERNATIONAL STANDARD BOOK NUMBER
International Standard Book Number 9789712721472
050 ## - LIBRARY OF CONGRESS CALL NUMBER
Classification number 641.7
050 ## - LIBRARY OF CONGRESS CALL NUMBER
Item number 2009`
245 ## - TITLE STATEMENT
Title Baking handbook :
245 ## - TITLE STATEMENT
Remainder of title for quick bread, yeast bread, cookies, cakes, pies and pastries /
245 ## - TITLE STATEMENT
Statement of responsibility, etc edited by Rory C. Subida.
260 ## - PUBLICATION, DISTRIBUTION, ETC. (IMPRINT)
Place of publication, distribution, etc Pasig City :
260 ## - PUBLICATION, DISTRIBUTION, ETC. (IMPRINT)
Name of publisher, distributor, etc Anvil Publishing Inc.,
260 ## - PUBLICATION, DISTRIBUTION, ETC. (IMPRINT)
Date of publication, distribution, etc 2009
300 ## - PHYSICAL DESCRIPTION
Extent 126 pages :
300 ## - PHYSICAL DESCRIPTION
Dimensions 25 cm.
650 ## - SUBJECT ADDED ENTRY--TOPICAL TERM
Topical term or geographic name as entry element Baking.
Holdings
Withdrawn status Lost status Damaged status Home library Current library Shelving location Date acquired Total Checkouts Full call number Barcode Date last seen Price effective from Koha item type
      Stonyhurst Southville International School (Batangas) Stonyhurst Southville International School (Batangas)   02/03/2017   Fil. 641.7 2009 US-1551 02/03/2017 02/03/2017 Books

Baking handbook :

APA

Baking handbook. Pasig City: .

Chicago

Baking handbook. Pasig City: .

Harvard

Baking handbook. Pasig City: .

MLA

Pasig City: . .

  • Place hold
  • Print
  • Cite
  • Add to your cart (remove)
  • Save record
    BIBTEX Dublin Core MARCXML MARC (non-Unicode/MARC-8) MARC (Unicode/UTF-8) MARC (Unicode/UTF-8, Standard) MODS (XML) RIS
  • More searches
    Search for this title in:
    Other Libraries (WorldCat) Other Databases (Google Scholar) Online Stores (Bookfinder.com) Open Library (openlibrary.org)

Exporting to Dublin Core...

SOUTHVILLE LIBRARY

Southville International School and Colleges Library

1281 Tropical Ave. Cor. Luxembourg St., BF Homes International, Las Pinas City

Tel. No. 8256374 / 252358 Loc. 117/146

Powered by Koha